000 00942nam a22002057a 4500
999 _c1432
_d1432
003 AR-CdUCM
008 190227b ||||| |||| 00| 0 spa d
040 _aMUNICIPALIDAD PROVINCIAL DEL CUSCO
_cBIBLIOTECA MUNICIPAL DEL CUSCO
082 _a985.22 /
_bL31
100 _aLavallé, Bernard
_95427
245 _aEl mercader y el marqués :
_blas luchas de poder en el Cuzco, 1700-1730 /
260 _aLima :
_bBanco Central de Reserva del Perú, Fondo Editorial,
_c1988.
300 _a167 páginas ;
_c20 cm.
505 _aLa larga paciencia de Jerónimo de Losada -- La saga de los Esquivel: de tal palo, tal astilla -- Las etapas del odio: Los Esquivel contra los Losada -- "Hasta Madrid, a ver si le alcanza la justicia del rey..." -- La vuelta a Cusco: El desenlace.
650 _aVirreinato, 1555-1808.
_95428
650 _aGenealogía
_9924
650 _aHistoria del Cusco
_91714
942 _2ddc
_cLIBROS
945 _araen
_d2019-02-27